书目信息 |
| 题名: |
纽约寻书
|
|
| 作者: | 李广宇 著 | |
| 分册: | ||
| 出版信息: | 北京 国际文化出版公司 1998.12 |
|
| 页数: | 278页 | |
| 开本: | 32开 | |
| 丛书名: | ||
| 单 册: | ||
| 中图分类: | I206.7 | |
| 科图分类: | ||
| 主题词: | 文学--中国 | |
| 电子资源: | ||
| ISBN: | 7-80105-687-6 | |
| 000 | 00527nam0 2200193 45 | |
| 001 | 0011111509 | |
| 005 | 20001111164910.7 | |
| 010 | @a7-80105-687-6@d15.00元 | |
| 100 | @a20001111d1998 km y0chiy0120 ea | |
| 101 | 0 | @achi |
| 105 | @a z 000yy | |
| 200 | 1 | @a纽约寻书@ANiu Yue Xun Shu@f李广宇著@FLi Guang Yu Zhu |
| 210 | @a北京@c国际文化出版公司@d1998.12 | |
| 215 | @a278页@d32开 | |
| 606 | 0 | @a文学@x中国 |
| 690 | @aI206.7@v3 | |
| 701 | 0 | @a李广宇@4著 |
| 801 | @aCN@bPftUser@c20001111 | |
| 905 | @b403260-262@dI206.7@eL913@f3 | |
| 纽约寻书/李广宇著.-北京:国际文化出版公司,1998.12 |
| 278页;32开 |
| ISBN 7-80105-687-6:15.00元 |
| ● |
| 相关链接 |
|
|
|
正题名:纽约寻书
索取号:I206.7/L913
 
预约/预借
| 序号 | 登录号 | 条形码 | 馆藏地/架位号 | 状态 | 备注 |
| 1 | 403260 | 204032607 | 社科二线422/422社科库 23排2列2层/ [索取号:I206.7/L913] | 在馆 | |
| 2 | 403261 | 204032616 | 社科二线422/422社科库 23排2列2层/ [索取号:I206.7/L913] | 在馆 | |
| 3 | 403262 | 204032625 | 社科二线422/422社科库 23排2列2层/ [索取号:I206.7/L913] | 在馆 |